BIBLIOTECA

SENCICO

La Ingeniería / (Registro nro. 9871)

Detalles MARC
000 -LEADER
fixed length control field 01419nam a2200301Ia 4500
003 - CONTROL NUMBER IDENTIFIER
control field PE SENCICO BE
005 - DATE AND TIME OF LATEST TRANSACTION
control field 20260415165406.0
008 - FIXED-LENGTH DATA ELEMENTS--GENERAL INFORMATION
fixed length control field 260415s9999 xx 000 0 und d
020 ## - INTERNATIONAL STANDARD BOOK NUMBER
International Standard Book Number 9972-9286-4-0
040 ## - CATALOGING SOURCE
Original cataloging agency PE SENCICO BE
Transcribing agency PE SENCICO BE
041 ## - LANGUAGE CODE
Language code of text/sound track or separate title spa
082 ## - DEWEY DECIMAL CLASSIFICATION NUMBER
Classification number 620
Item number G21 2006
100 1# - MAIN ENTRY--PERSONAL NAME
Personal name Gallegos, Héctor
9 (RLIN) 194
Relator term autor
245 10 - TITLE STATEMENT
Title La Ingeniería /
Statement of responsibility, etc. Héctor Gallegos
250 ## - EDITION STATEMENT
Edition statement 2a ed.
260 ## - PUBLICATION, DISTRIBUTION, ETC.
Place of publication, distribution, etc. Lima :
Name of publisher, distributor, etc. GCAQ fondo editorial ;
Date of publication, distribution, etc. 2006
300 ## - PHYSICAL DESCRIPTION
Extent 474 páginas :
Other physical details cuadros ;
Dimensions 20 cm.
505 0# - FORMATTED CONTENTS NOTE
Formatted contents note La ingeniería – Ingeniería y ciencia – Ingeniería y tecnología – Ingeniería y desarrollo – El ingeniero – Ingeniería en el mundo – Ingeniería en el antiguo Perú – Ingeniería en el Perú – El diseño – Las fallas – Los códigos – Educación del ingeniero – Ética del ingeniero.
520 3# - SUMMARY, ETC.
Summary, etc. Enseña, de manera ordenada, lo que es la ingeniería. Explica la ética que debe acompañar la vida profesional del ingeniero. Explica acerca de las pruebas del diseño y la factibilidad, y hace un recorrido histórico por la ingeniería en el antiguo Perú, en el siglo XIX y el siglo XX
650 10 - SUBJECT ADDED ENTRY--TOPICAL TERM
Topical term or geographic name entry element Ingeniería
9 (RLIN) 380
650 20 - SUBJECT ADDED ENTRY--TOPICAL TERM
Topical term or geographic name entry element Diseño en ingeniería
9 (RLIN) 381
650 20 - SUBJECT ADDED ENTRY--TOPICAL TERM
Topical term or geographic name entry element Educación superior
9 (RLIN) 382
650 20 - SUBJECT ADDED ENTRY--TOPICAL TERM
Topical term or geographic name entry element Historia
9 (RLIN) 383
650 20 - SUBJECT ADDED ENTRY--TOPICAL TERM
Topical term or geographic name entry element Ingenieros
9 (RLIN) 384
650 20 - SUBJECT ADDED ENTRY--TOPICAL TERM
Topical term or geographic name entry element Fallas (Geología)
9 (RLIN) 386
651 #0 - SUBJECT ADDED ENTRY--GEOGRAPHIC NAME
Geographic name Perú
9 (RLIN) 385
942 ## - ADDED ENTRY ELEMENTS (KOHA)
Koha item type Libros
Source of classification or shelving scheme Dewey Decimal Classification
Existencias
Fecha de la última vez que lo usaron Pago total Signatura topográfica completa Código de barras Precio efectivo desde Tipo de documento Estado perdido Sistema de clasificación Estado dañado No es para préstamo Retirado Ubicación permanente Ubicación actual Fecha de adquisición
15/04/2026   620/G21/2006 BibZtacn26042608 15/04/2026 Libros   Dewey Decimal Classification       Biblioteca Tacna Biblioteca Tacna 15/04/2026